Territoires du monde - drapeaux - Statistiques

Statistiques générales
  • Ce quiz a été pris 239 fois
  • Le résultat moyen est 47 sur 125
Statistiques - réponses
Par images Réponse % Correct
Corse
91%
Pays de Galles
88%
Ecosse
87%
Bretagne
84%
Angleterre
79%
Groenland
79%
Gibraltar
77%
Hong Kong
74%
Iles Féroé
73%
Irlande du nord
73%
Guadeloupe
71%
Catalogne
70%
Guam
70%
Porto Rico
69%
Sardaigne
69%
Nouvelle Calédonie
68%
Saint Pierre et Miquelon
68%
Chypre du nord
66%
Ile de Man
66%
Polynésie française
64%
Aruba
63%
Iles Cook
63%
Macao
63%
Jersey
62%
Sicile
62%
Guyane française
60%
Iles vierges américaines
60%
Curaçao
58%
Martinique
57%
Niue
57%
Guernesey
56%
Ile Christmas
56%
Ossetie du sud
56%
République arabe sahraouie démocratique
56%
Somaliland
56%
Ile Norfolk
54%
Samoa américaines
54%
Abkhazie
53%
Iles Cocos
53%
Pays Basque
53%
Iles Vierges britanniques
52%
Wallis et Futuna
52%
Bermudes
51%
État Môn
51%
Haut-Karabagh
51%
Iles Mariannes du nord
51%
Kurdistan
51%
Tibet
50%
Transnistrie
50%
Anguilla
49%
Montserrat
49%
Åland
48%
Tokelau
48%
Bonaire
47%
Saint Martin
47%
Zanzibar
47%
Iles Caïmans
46%
Iles Malouines
46%
Sainte-Hélène
46%
Iles Pitcairn
44%
Iles Turques et Caïques
43%
Normandie
42%
Alaska
41%
Saint Eustache
41%
Açores
39%
Saba
38%
Madère
37%
Wallonie
37%
Flandre
36%
Tchétchénie
33%
Crimée
32%
Ile de Pâques
32%
Tristan Da Cunha
29%
Ceuta
28%
Ile de l'Ascension
28%
Terres australes et antarctiques françaises
28%
Berbères
27%
Iles Canaries
27%
Région autonome de Bougainville
27%
Territoire britannique de l'océan Indien
26%
Alsace
24%
Nunavut
24%
Iles Baléares
23%
Colorado
21%
Melilla
20%
Aborigènes d'Australie
19%
Gagaouzie
17%
Puntland
17%
Karakalpakstan
16%
Xinjiang
14%
Azad Cachemire
13%
Barbuda
13%
Géorgie du Sud-et-les îles Sandwich du Sud
12%
Ingouchie
12%
Adjarie
11%
Bangsamoro
11%
Territoire spécial de Yogyakarta
11%
Territoire antarctique britannique
10%
Balouchistan
9%
Sud Tyrol
9%
Atoll Johnston
8%
Gilgit-Baltistan
8%
Grande Comore
8%
Aceh
7%
Ambazonie
7%
Anjouan
7%
Assyriens
7%
Barotseland
7%
Ile Rodrigues
7%
Ile Wake
7%
Mohéli
7%
Aurigny
6%
Scandinavie
6%
Togoland de l'ouest
6%
Bouganda
4%
Chuuk
4%
Guna Yala
4%
Heligoland
4%
Cabinda
3%
Sindhudesh
3%
Archipel Juan Fernández
2%
Haïdas
2%
Région autonome de la Côte caraïbe sud
2%
Territoire fédéral de Labuan
2%
Région autonome de la Côte caraïbe nord
1%
Aucun quiz correspondant
Distribution des résultats
% des personnes avec chaque résultat
Percentile par nombre de réponses
Votre historique - résultats
Vous n’avez pas pris ce quiz